• 首页
  • 本馆介绍
  • 公告通知
  • 最新文献
  • 馆藏检索
  • 电子资源
  • 读者导购
  • 参考咨询
  • 我的图书馆
  • 登录
  • 详细信息显示
  • 放入我的书架
  • 预约/预借图书
  • 作者相关作品
  • 分类相关作品
  • 丛书相关作品
  • 出版社相关作品

书目信息

  • 表格格式
  • 工作单格式
  • 卡片格式
题名:
半导体光谱和光学性质
    
 
作者: 沈学础 著
分册:  
出版信息: 北京   科学出版社  2002
页数: 770页
开本: 29cm
丛书名:
单 册:
中图分类: O472
科图分类:
主题词: 半导体物理学
电子资源:
ISBN: 7-03-002696-9
000 00558nam0 2200193 450
001 0735592734
005 20070906095312.73
010    @a7-03-002696-9@b精装@d¥88.00
100    @a20070906d km y0chiy0120 ea
101 0  @achi
200 1  @a半导体光谱和光学性质@Aban dao ti guang pu he guang xue xing zhi@f沈学础著@Fshen xue chu zhu
205    @a2版
210    @a北京@c科学出版社@d2002
215    @a770页@d29cm
606 0  @a半导体物理学
690    @aO472@v3
701  0 @a沈学础@Ashen xue chu@4著
801  0 @aCN@bPFT@c20070906
905    @a213230@dO472@ep1=2@f1
    
    半导体光谱和光学性质/沈学础著.-2版.-北京:科学出版社,2002
    770页;29cm
    
    
    ISBN 7-03-002696-9(精装):¥88.00
    
●
相关链接 在E读中查询图书 在五车中查询图书 在当当中查询图书 在豆瓣中查询图书


正题名:半导体光谱和光学性质     索取号:O472/p1=2         预约/预借

序号 登录号 条形码 馆藏地/架位号 状态 备注
1 7201967   272019656   密集书库-物理学院/ [索取号:O472/p1=2] 在馆    
2 7201968   272019674   密集书库-物理学院/ [索取号:O472/p1=2] 在馆    
唐山师范学院图书馆 欢迎您!
大连网信软件有限公司© 版权所有